000 00703nam a2200181Ia 4500
005 20251020182525.0
008 200515s9999 xx 000 0 und d
082 _a691.412/U42
245 0 _aInforme de avance de Investigación sobre construcciones de Adobe patrocinado por el Ministerio de Vivienda
260 _aLima
260 _c1971
300 _aUniversidad Nacional de Ingeniería
500 _a1 ejemplar
520 _aParte de una investigación de mayor alcance sobre el mejoramiento de construcciones de tierra que se está realizando en el Departamento de Estructuras y Construcción de la Universidad Nacional de Ingeniería (UNI)
650 _aADOBE
650 _aLIB
942 _cLIB
999 _c1884
_d1884